000 00625nam a2200217Ia 4500
005 20250326144056.0
008 250326s9999 xx 000 0 und d
020 _a978-81-312-1101-4
037 _aTextbook
040 _aFMSL
_beng
_cFMSL
041 _aeng
_2eng
084 _aX:51 P2
_qFMSL
100 _aMcdonald M
_9741529
245 0 _aNew marketing : transforming the corporate future
_cMcdonald M; Wilson H
260 _aUnited Kingdom
_bUnited Kingdom, Butterworth-Heinemann
_c2002
300 _a230p
365 _b395
650 _aMarketing
942 _cTB
_hX:51 P2
999 _c1302253
_d1302253